000 00428nam a2200133Ia 4500
008 100328s9999 xx 000 0 und d
082 _b39834
100 _aकुंटे प्रभाकर
245 _aआकाशाची पाऊलवाट
260 _bपॉप्युलर
630 _aआकाशाची पाऊलवाट
730 _aआकाशाची पाऊलवाट
942 _cBOOK
999 _c528684
_d528681